Catálogo público

Diccionario de nutrición animal / (Record no. 165918)

MARC details
000 -CABECERA
campo de control de longitud fija 00609nam a2200253Ia 4500
001 - NÚMERO DE CONTROL
campo de control Z_2845
003 - IDENTIFICADOR DEL NÚMERO DE CONTROL
campo de control CHAP
005 - FECHA Y HORA DE LA ÚLTIMA TRANSACCIÓN
campo de control 20221123121604.0
008 - DATOS DE LONGITUD FIJA--INFORMACIÓN GENERAL
campo de control de longitud fija 220113s1994 xx 000 0 und d
010 ## - NÚMERO DE CONTROL DE LA BIBLIOTECA DEL CONGRESO
Número de control de LC 165918
020 ## - NÚMERO INTERNACIONAL ESTÁNDAR DEL LIBRO
Número Internacional Estándar del Libro 968-460-102-6
040 ## - FUENTE DE LA CATALOGACIÓN
Centro/agencia transcriptor CHAP
082 ## - NÚMERO DE LA CLASIFICACIÓN DECIMAL DEWEY
Número de clasificación C 636.085 D53
245 ## - MENCIÓN DE TÍTULO
Título Diccionario de nutrición animal /
260 ## - PUBLICACIÓN, DISTRIBUCIÓN, ETC.
Lugar de publicación, distribución, etc. México, D. F. :
Nombre del editor, distribuidor, etc. PLM,
Fecha de publicación, distribución, etc. 1994
300 ## - DESCRIPCIÓN FÍSICA
Extensión c.a. 422 p. :
Otras características físicas ilus.
503 ## - NOTA DE HISTORIA BIBLIOGRÁFICA (BK CF MU) [OBSOLETO]
Nota de historia bibliográfica 172058, 60
650 ## - PUNTO DE ACCESO ADICIONAL DE MATERIA--TÉRMINO DE MATERIA
Término de materia o nombre geográfico como elemento de entrada Nutrición animal
Subdivisión general Diccionarios
9 (RLIN) 82278
901 ## - ELEMENTOS DE DATOS A LOCAL LDA (RLIN)
a C 636.085 D53
902 ## - ELEMENTOS DE DATOS B LOCAL, LDB (RLIN)
a M
910 ## - DATOS DE OPCIÓN DEL USUARIO (OCLC)
Datos de opción del usuario 1994
942 ## - ELEMENTOS DE PUNTO DE ACCESO ADICIONAL (KOHA)
Tipo de ítem Koha Libro_
Fuente del sistema de clasificación o colocación Dewey Decimal Classification
942 ## - ELEMENTOS DE PUNTO DE ACCESO ADICIONAL (KOHA)
Fuente del sistema de clasificación o colocación Dewey Decimal Classification
Holdings
Estado de retiro Estado de pérdida Fuente del sistema de clasificación o colocación Estado dañado Restricciones de uso No para préstamo Código de colección Localización permanente Ubicación/localización actual Fecha de adquisición Fuente de adquisición Número de inventario Signatura topográfica completa Código de barras Fecha visto por última vez Número de copia Precio válido a partir de Tipo de ítem Koha
    Dewey Decimal Classification   Préstamo interno   Consulta Zootecnia Zootecnia 09/11/2005 Compra 172058 C 636.085 D53 z_1972 18/01/2022 1 18/01/2022 Libro
    Dewey Decimal Classification   Préstamo interno   Consulta Zootecnia Zootecnia 09/11/2005 Compra 172060 C 636.085 D53 z_1973 18/01/2022 2 18/01/2022 Libro
    Dewey Decimal Classification   Préstamo interno   Consulta Zootecnia Zootecnia 09/11/2005 Compra 172059 C 636.085 D53 z_1974 18/01/2022 3 18/01/2022 Libro
    Dewey Decimal Classification   Préstamo interno   Consulta Zootecnia Zootecnia 09/11/2005     C 636.085 D53 z_2038 18/01/2022 4 18/01/2022 Libro
    Dewey Decimal Classification   Préstamo interno   Consulta Zootecnia Zootecnia 09/11/2005     C 636.085 D53 z_3648 18/01/2022 5 18/01/2022 Libro